Statystyki dla Kraje z największą liczbą osób mówiących po hiszpańsku

Kliknij tutaj aby rozwiązać quiz!

Ogólne statystyki

  • Ten quiz został rozwiązany 1 573 razy
  • Średni wynik to 7 z 10

Statystyki odpowiedzi

%#Państwo% Poprawnych
7434.4 mlnHiszpania
98%
9944.7 mlnArgentyna
83%
93123 mlnMeksyk
83%
9918.2 mlnChile
77%
9949.4 mlnKolumbia
76%
8427.7 mlnPeru
73%
9832.1 mlnWenezuela
72%
1342.8 mlnStany Zjednoczone
62%
9315.9 mlnEkwador
60%
9911.4 mlnKuba
49%

Rozkład punktacji

Percentyl według liczby udzielonych odpowiedzi

Procent ludzi z każdym wynikiem

Twoja historia wyników

Nie rozwiązałeś tego quizu